Core web application development with PHP and MySQL. (Record no. 6920)

MARC details
000 -LEADER
fixed length control field 00599nam a22002052 4500
001 - CONTROL NUMBER
control field 0000005218
005 - DATE AND TIME OF LATEST TRANSACTION
control field 20151217151956.0
008 - FIXED-LENGTH DATA ELEMENTS--GENERAL INFORMATION
fixed length control field 070608s xx 000 0 eng d
020 ## - INTERNATIONAL STANDARD BOOK NUMBER
International Standard Book Number 8131701654 :
040 ## - CATALOGING SOURCE
Original cataloging agency KABU
Transcribing agency KABU
050 #0 - LIBRARY OF CONGRESS CALL NUMBER
Classification number TK5105.886
Item number .W36
100 1# - MAIN ENTRY--PERSONAL NAME
Personal name Wandschneider, Marc.
-- 0000156382
245 10 - TITLE STATEMENT
Title Core web application development with PHP and MySQL.
260 ## - PUBLICATION, DISTRIBUTION, ETC. (IMPRINT)
Place of publication, distribution, etc. New Delhi :
Name of publisher, distributor, etc. Pearson Educ.,
Date of publication, distribution, etc. 2006.
300 ## - PHYSICAL DESCRIPTION
Extent xxvi, 858 p.
650 #0 - SUBJECT ADDED ENTRY--TOPICAL TERM
Topical term or geographic name as entry element Web site development.
-- 0000148521
908 ## - PUT COMMAND PARAMETER (RLIN)
Put command parameter 070608
950 ## - LOCAL HOLDINGS (RLIN)
-- 1
Holdings
Withdrawn status Lost status Source of classification or shelving scheme Not for loan Home library Current library Date acquired Total Checkouts Full call number Barcode Date last seen Date last checked out Price effective from Koha item type
    Library of Congress Classification   Kabarak, Main Campus Kabarak, Main Campus 17/12/2015 2 TK5105.886 .W36 008237 12/10/2021 15/09/2021 17/12/2015 General Collection
Designed with assistance from East African Informatics Ltd